Aritmética y álgebra, para tercer año /

Guardado en:
Autor Principal: Repetto, Celina H.
Formato: Libro
Publicado: Buenos Aires : Kapelusz, 1960
Edición:15a. ed.
Materias:
Etiquetas: Agregar Etiqueta
Sin Etiquetas, Sea el primero en etiquetar este registro!
LEADER 00675nam a22002175a 4500
001 CEM.cems016095
008 130507s1960##################000#0#####d
005 20241204100810.0
245 1 0 |a Aritmética y álgebra, para tercer año /  |c Celina H. Repetto 
250 |a 15a. ed. 
260 |a Buenos Aires :  |b Kapelusz,  |c 1960 
300 |a 310 p. 
100 1 |a Repetto, Celina H. 
082 0 4 |a 511 
653 |a Matemática 
653 |a Factoreo 
653 |a Expresiones algebraicas 
653 |a Ecuaciones 
653 |a Funciones 
859 |a CEMS  |b BIB. CEMS - 11 de abril  |h 511  |i R299-4a15/III  |p 1613.74  |t Ej.2 
859 |a CEMS  |b BIB. CEMS - Agricultura  |h 511  |i R299-4a15  |p A0389.02  |t Ej.1  |v 3  |3 3